000 00680nmc a2200253 a 4500
003 AR-BaBNM
005 20251128205708.0
008 248019s1994 ||||||||||||||000 | spa||
020 _a950-534-027-3
040 _cAR-BaBNM
100 1 _aLeguizamón, Martiniano
_d1858-1935
245 1 0 _aMontaraz
_bcostumbres argentinas
260 _aBuenos Aires
_bA-Z editora
_c1994
300 0 _a138 p.
490 0 _aTestimonial
650 4 _aLITERATURA ARGENTINA
650 4 _aHISTORIA ARGENTINA
650 4 _aCOSTUMBRES Y TRADICIONES
650 4 _aLITERATURA FOLKLORICA
655 _aLITERATURA
700 1 _aPayró, Roberto J.
_eprologuista
942 _cBK
998 _cMariana
999 _c12439
_d12439